000
00290nam a22001337a 4500
008
190306b xxu||||| |||| 00| 0 eng d
020
_a
9780879860721
041
_a
eng
080
_a
371
100
_a
46
101
_a
EDU
245
_a
Meeting the Standards
_c
Haas,M.E
942
_2
udc
_c
BK
999
_c
54607
_d
54607